| 000 | 01032cam a2200313 a 4500 | ||
|---|---|---|---|
| 001 | BD-DhSAU # 14694 | ||
| 003 | BD-DhSAU | ||
| 005 | 20190526093842.0 | ||
| 008 | 891020s2008 bg a rb f100 0 eng | ||
| 020 | _a9843000002860 | ||
| 040 | _aBD-DhSAU | ||
| 082 | 0 | 0 |
_a030 _222 _bAs426 |
| 110 | _aAsiatic Society of Bangladesh | ||
| 245 | 1 | 0 |
_aEncyclopedia of Flora and Fauna of Bangladesh : _bAngiosperms, Dicotyledons ,Balsaminaceae-Euphorbiaceae , Vol. : 7 / |
| 260 |
_aDhaka : _bAsiatic Society of Bangladesh, _cc2008. |
||
| 300 |
_axxxiv , 540 p.; _bill. : _c25 cm. |
||
| 440 |
_v Vol. : 7 _aAngiosperms, Dicotyledons ,Balsaminaceae-Euphorbiaceae |
||
| 504 | _aIncludes index and references. | ||
| 590 | _akamim | ||
| 650 | 0 | _a Flora- Encyclopedia -Bangladesh | |
| 650 | 0 | _a Fauna- Encyclopedia -Bangladesh | |
| 650 | 0 | _aAngiosperms | |
| 650 | 0 | _aDicotyledons | |
| 650 | 0 | _aBalsaminaceae | |
| 700 | _aAhmed, Zia Uddin | ||
| 700 | _aHassan, M Abul | ||
| 700 | _aKabir, Syed M Humayun | ||
| 942 |
_2ddc _cBOOK |
||
| 999 |
_c14694 _d14693 |
||